000
00311nam a2200121Ia 4500
003
GCL
008
140319s9999 xx 000 0 eng d
040
_a
GCL /
_c
GCL
082
0
4
_a
005.72
_b
MA
245
1
0
_a
Que's Guide To Data Recovery
260
_a
[S.N] :
_b
Macmillan Publishing Company ،
_c
1991
300
_a
498 P
999
_c
19926
_d
19926